header

Jewish women in pre-state Israel (Record no. 16924)

MARC details
000 -LEADER
fixed length control field 02021nam a2200493 a 4500
082 04 - DEWEY DECIMAL CLASSIFICATION NUMBER
Classification number 305.48/892400904
245 10 - TITLE STATEMENT
Title Jewish women in pre-state Israel
250 ## - EDITION STATEMENT
Edition statement 1st ed.
260 ## - PUBLICATION, DISTRIBUTION, ETC. (IMPRINT)
Place of publication Waltham, Mass. :
Name of publisher Brandeis University Press ;
Place of publication Hanover [N.H.] :
Name of publisher Published by University Press of New England,
Year of publication c2008.
300 ## - PHYSICAL DESCRIPTION
Number of Pages xi, 432 p. :
Other physical details ill.
490 1# - SERIES STATEMENT
Series statement HBI series on Jewish women
650 #0 - SUBJECT ADDED ENTRY--TOPICAL TERM
Topical Term Jewish women
Topical Term Jewish women
Topical Term Feminism
Topical Term Feminism
700 1# - ADDED ENTRY--PERSONAL NAME
Personal name Kark, Ruth.
Personal name Shilo, Margalit.
Personal name Hasan-Rokem, Galit.
856 40 - ELECTRONIC LOCATION AND ACCESS
Uniform Resource Identifier http://site.ebrary.com/lib/rucke/Doc?id=10285417

No items available.

© 2026 Rongo University
Contact us: librarian | system librarian | Rongo university